000 01263nam a2200277 a 4500
001 000006558
005 20260420111101.0
008 090901s2003 dr r 000 0 spa d
020 _z99934450701
040 _aDO-SdBNP
_bspa
_cBNPHU
082 _a310
_bC987e, 2003
100 1 _aCustodio, Carlos
_9719
245 1 0 _aEstadística básica /
_cCarlos Custodio ; prólogo Manuel Mejía.
250 _a3a ed.
260 _aSanto Domingo :
_bSurco,
_c2003.
300 _a273 p. :
_bil., gráf. ;
_c22 cm.
500 _aLa biblioteca posee la 2a. reimpresión de la 3a. edición del 2004
504 _aBibliografía : p. 271-273
505 0 _tPrólogo --
_tIntroducción --
_tAspectos básicos --
_tMuestreo --
_tLos datos estadísticos: su clasificación y organización --
_tPresentación de datos estadísticos --
_tMedidas de tendencia central o de posición --
_tMedidas de dispersión --
_tMedidas de asimetría y de apuntamiento o curtosis --
_tNúmeros índices --
_tBibliografía.
590 _aInventariado, 2018/BT
650 4 _aEstadística
_xEnseñanza
_9720
650 0 _aMuestreo (Estadistica)
_9721
650 4 _aEstadística
_xProblemas, ejercicios, etc.
_9722
700 1 _aMejía, Manuel,
_epról.
_9723
910 _aValidado. Control de calidad. MMOLINA
999 _c6349
_d6349